Statistics for Most Common Words In English Starting With F

Click here to take the quiz!

General Stats

  • This quiz has been taken 4,056 times
  • The average score is 65 of 142

Answer Stats

Word% Correct
for
98%
far
92%
fat
91%
fee
91%
fan
89%
fun
86%
fall
83%
face
81%
free
81%
fast
80%
find
79%
four
79%
feel
78%
from
77%
fact
76%
fill
76%
fly
76%
five
74%
flow
74%
fit
72%
foot
72%
fail
70%
fire
70%
form
70%
friend
68%
full
68%
fade
67%
family
66%
fear
66%
fine
66%
fair
65%
fight
65%
first
63%
farm
62%
feed
61%
food
61%
found
61%
famous
60%
favor
60%
flee
60%
funny
59%
fish
58%
few
57%
flower
57%
favorite
55%
father
54%
flat
54%
fund
54%
film
53%
freedom
53%
fate
52%
fix
52%
force
52%
feeling
51%
fifty
51%
file
50%
flame
50%
follow
50%
factor
48%
flight
48%
frame
48%
failure
47%
final
47%
finger
47%
firm
46%
freeze
46%
fresh
45%
finish
44%
forget
43%
floor
42%
fault
41%
flag
41%
forest
41%
future
41%
factory
40%
farmer
40%
fifth
40%
figure
40%
fifteen
39%
formal
39%
finally
38%
former
38%
friendly
38%
front
38%
faith
37%
fashion
36%
fiction
36%
fighter
36%
finding
36%
French
36%
fruit
36%
fabric
34%
feature
34%
fellow
34%
fence
34%
foreign
34%
false
33%
familiar
33%
fantasy
33%
fewer
33%
foundation
33%
female
32%
fourth
32%
forth
31%
function
31%
float
30%
flesh
28%
founder
28%
flavor
27%
formation
27%
friendship
27%
funeral
27%
fairly
26%
finance
26%
fishing
26%
fortune
26%
fully
26%
following
25%
forever
25%
fuel
25%
funding
25%
furniture
25%
federal
24%
field
24%
fighting
24%
financial
24%
football
24%
fundamental
24%
forward
23%
facility
22%
faculty
22%
focus
21%
fitness
19%
fiber
18%
folk
18%
formula
17%
frequent
15%
furthermore
13%
frequently
12%
frequency
10%
frustration
8%
framework
6%

Score Distribution

Percentile by Number Answered

Percent of People with Each Score

Your Score History

You have not taken this quiz